Family Migration from Small-town Poland
| Titel: | Family Migration from Small-town Poland : A Livelihood Strategy Approach |
|---|---|
| Verfasser: | |
| In: |
Polish migration to the UK in the 'new' European Union, (2009), Seite 67-85 alle Artikel anzeigen |
| Veröffentlicht: | 2009 |
| Format: | Aufsatz |
| Sprache: | Englisch |
X
alg: 39257534
001A $01999:11-11-16
001B $01999:27-04-21 $t20:50:08.000
001D $01999:11-11-16
001U $0utf8
001X $00
002@ $0Aox
003@ $0392575345
007A $0392575345 $aHEB
007T $0Herdc0069236m
010@ $aeng
011@ $a2009
021A $aFamily Migration from Small-town Poland $dA Livelihood Strategy Approach
028A $aWhite $dAnne
031A $h67-85 $j2009
039B $aIn $8--Aau--. Polish migration to the UK in the 'new' European Union. - Farnham {[u.a.] : Ashgate, c 2009. - XVIII, 241 S.. - Ill., graph. Darst.. - ISBN 978-0-7546-7387-3 $x200900000000000933 $9212964321
045F $a304.609438 $eDDC23BSB
045F/01 $a304.609
045F/03 $g438
lok: 39257534 78
exp: 39257534 78 1 #EPN
201B/01 $029-06-20 $t22:53:30.000
201U/01 $0utf8
203@/01 $0788673432
208@/01 $a11-11-16 $be
209A/01 $a/ $f000 $x00
220C/01 $aTitelaufnehmer: gk;tn
220C/01 $aHerkunft: HI Marburg
244Z/01 $2Trx $#Poola $#Lenkija $#Polija $#Polen Land $#Poland $#Lengyelország $#Poľsko $#Polsko $8--Trx--Polska$gkraj $x01 $9391345966
244Z/01 $74597801-3 $8--Tg1--Grajewo$gPodlachien $x02 $9092772315
244Z/01 $#Podkarpackie (Woiwodschaft) $#Województwo Podkarpackie $#Woiwodschaft Karpatenvorland $#Vorkarpaten Woiwodschaft $74593164-1 $8--Tg1--Woiwodschaft Vorkarpaten $x03 $9091650593
244Z/01 $2Trx $#Anglia $8--Trx--England $x04 $9391152327
244Z/01 $aGeschichte 1990-2008 $x05
244Z/01 $2Trx $#migratsioonid $#migracijos $#migrations $#migrációk $#migracje $#migrácie $#migrace $8--Trx--Migrationen $x06 $9391383477
244Z/01 $2Trx $#perekond sotsiaalne grupp $#šeima socialinė grupė $#family social group $#család szociális csoport $#rodzina, grupa społeczna $#rodina sociálna skupina $#rodina sociální skupina $8--Trx--Familie$gsoziale Gruppe $x07 $9391372238
244Z/01 $2Trx $#suhted, Inglise-Poola $#santykiai, anglų ir lenkų $#relations, British-Polish $#kapcsolatok, brit-lengyel $#stosunki brytyjsko-polskie $#vzťahy britsko-poľské $#vztahy britsko-polské $8--Trx--Beziehungen, britisch-polnische $x08 $9391369555
244Z/01 $2Trx $#poolakad $#lenkai $#Poles population $#lengyelek nép $#Polacy $#Poliaci $#Poláci $#Lachen $#Lachowie $8--Trx--Polen$gVolk $x09 $9391382934
244Z/01 $2Trx $8--Trx--Einzelbeiträge $x10 $9391384570
245Z/01 $a08.03 $x01
247C/01 $82080>Marburg/Lahn, Herder-Institut, Forschungsbibliothek, Bibliographieportal $9336309341
| LEADER | 00000caa a22000002c 4500 | ||
|---|---|---|---|
| 001 | 392575345 | ||
| 003 | DE-603 | ||
| 005 | 20210427205008.0 | ||
| 007 | tu | ||
| 008 | 161111s2009 xx |||| | u00||u|eng c | ||
| 035 | |a (DE-599)HEB392575345 | ||
| 040 | |a DE-603 |b ger |c DE-603 |d DE-603 | ||
| 041 | |a eng | ||
| 082 | 0 | 4 | |8 1\u |a 304.609438 |q DE-101 |2 23/BSB |
| 085 | |8 1\u |b 304.609 | ||
| 085 | |8 1\u |z 2 |s 438 | ||
| 100 | 1 | |a White, Anne | |
| 245 | 0 | 0 | |a Family Migration from Small-town Poland |b A Livelihood Strategy Approach |
| 264 | 0 | |c 2009 | |
| 773 | 0 | 8 | |i In |t Polish migration to the UK in the 'new' European Union |d Farnham [u.a.] : Ashgate, c 2009 |h XVIII, 241 S., Ill., graph. Darst. |z 9780754673873 |g (2009), Seite 67-85 |w (DE-603)212964321 |
| 924 | 0 | |9 2080 |a (DE-603)788673432 |b DE-2080 |c HES |d d |g / | |


